00922nam a2200253 a 450000100060000000300080000600500170001400800410003103500190007204000340009104100080012508200200013310000540015324500690020725000120027626000760028830000250036450400200038965000460040965000500045594200120050599900170051795201340053419380BD-RjUL20211209000426.0140224r19461941enk 001 0 eng d a(BD-RjUL)19440 aOCLCbengcOCLCdANLdBD-RjUL aeng04a810.3bHAO 19461 aHart, James D.q(James David),d1911-1990.95959514aThe Oxford companion to American literature /cby James D. Hart. a1st ed. aLondon ;aNew York :bOxford university press,c[c1941 [reprinted 1946] aviii, 888 p.c24 cm. aIncludes index. 0aAmerican literaturexDictionaries.959596 0aAmerican literaturexBio-bibliography.954235 2ddccBK c19380d19380 00102ddc40718NFICaRUCLbRUCLcReadingd1958-02-18eUSIS, Dacca.l0o810.3 HAO 1946r2014-02-24 00:00:00tC-1w2021-12-09yBK